Special interests and policy making: Agricultural policies and politics in Britain and United States of America, 1956-70 (Record no. 26887)

MARC details
000 -LEADER
fixed length control field 00411nam a2200121Ia 4500
082 ## - DEWEY DECIMAL CLASSIFICATION NUMBER
Classification number 338.22.021.4:631(420)
Item number WIL
100 ## - MAIN ENTRY--AUTHOR NAME
Personal name WILSON, Graham K
245 #0 - TITLE STATEMENT
Title Special interests and policy making: Agricultural policies and politics in Britain and United States of America, 1956-70
260 ## - PUBLICATION, DISTRIBUTION, ETC. (IMPRINT)
Place of publication London
Name of publisher John Wiley
Year of publication 1977
650 ## - SUBJECT ADDED ENTRY--TOPICAL TERM
Topical Term Farm policies
942 ## - ADDED ENTRY ELEMENTS (KOHA)
Koha item type Books
Holdings
Withdrawn status Lost status Damaged status Not for loan Home library Current library Date acquired Full call number Accession Number Koha item type
        RRII Library RRII Library 16/12/2021 338.22.021.4:631(420) WIL 07518 Books